000 01624cam a22004574i 4500
003 PE-LiUPU
005 20250731173450.0
008 150616s r 000 0 d
020 _a9586075761
035 _a(Sirsi) i9789586075763
040 _aPE-LiUPU
_bspa
_cPE-LiUPU
_erda
049 _aPRUA
082 0 4 _a281.1
_bP54
_221
100 1 _aPierini, Franco,
_eautor.
245 1 0 _aMil Años de Pensamiento Cristiano.
264 1 _aSantafé de Bogotá, D.C. :
_bSan Pablo,
_c1993.
300 _a365 páginas ;
_c20 centímetros
336 _atext
_2rdacontent
337 _aunmediated
_2rdamedia
338 _avolume
_2rdacarrier
505 0 _aHistoria de los estudios patrísticos -- Instrumentos de trabajo -- Los padres en su mundo -- Los padres, comunicación cultural y religiosa -- Los padres comunicación literaria y monumental.
526 _aSEG42
526 _aSEG41
526 _aSEG40
526 _aSEG39
526 _aP94
526 _aP87
526 _aP86
526 _aP85
526 _aP77
526 _aP76
526 _aP35
650 0 4 _aPADRES DE LA IGLESIA - HISTORIA - SIGLOS III-XVIII.
910 _ajck
_bjvq
_cjck
942 _2ddc
_cBOOK
949 _a281.1 P54
_wDEWEY
_c1
_i39577
_lCCODEBUL1
_mBUL
_r0
_sY
_tBOOK
_u2015-6-16
_xTEOLOGIA
_zUNKNOWN
_0COMPRA
_o.STAFF. Colección General
994 _aC0
_bPEPRU
596 _a1
999 _a281.1 P54
_wDEWEY
_c57488
_i39577
_d57488
_f2021-11-11
_g5
_lCCODEBUL1
_mBUL
_q2
_r0
_sY
_tBOOK
_u2015-6-16
_xTEOLOGIA
_zUNKNOWN
_0COMPRA
_o.STAFF. Colección General
980 _81
_gALBERTO SANCHEZ Responsable de Automatización